Central Library and Information Centre
Sibsagar Girls' College, Sivasagar : Assam

DIMASHA SAKALAR GEET MAAT (Record no. 2875)

MARC details
000 -LEADER
fixed length control field 00430cam a2200169ua 4500
008 - FIXED-LENGTH DATA ELEMENTS--GENERAL INFORMATION
fixed length control field 190409n1982 II |||gr||||Z||||||asm
040 ## - CATALOGING SOURCE
Original cataloging agency MAIN
041 ## - LANGUAGE CODE
-- English
082 ## - DEWEY DECIMAL CLASSIFICATION NUMBER
Classification number 491.4509 BAR
100 ## - MAIN ENTRY--PERSONAL NAME
Personal name BARUAH, NAGENDRANATH.
245 ## - TITLE STATEMENT
Title DIMASHA SAKALAR GEET MAAT
260 ## - PUBLICATION, DISTRIBUTION, ETC.
Place of publication, distribution, etc. GUWAHATI
Name of publisher, distributor, etc. GAUHATI UNIVERSITY COORDINATION COMMITTEE
Date of publication, distribution, etc. 1982
300 ## - PHYSICAL DESCRIPTION
Extent 224.:
Dimensions 20CM.
942 ## - ADDED ENTRY ELEMENTS (KOHA)
Koha item type Books
653 ## - INDEX TERM--UNCONTROLLED
Uncontrolled term Asamar Sanskriti
Holdings
Withdrawn status Lost status Damaged status Not for loan Collection code Home library Current library Shelving location Date acquired Full call number Barcode Date last seen Copy number Price effective from Koha item type Public note
        REFASM Central Library and Information Centre Sibsagar Girls College Central Library and Information Centre Sibsagar Girls College ASSAMESE OLD REFERENCE 07.03.1985 491.4509 BAR 11079 27.02.2020 1 27.02.2020 Books V
        REFSOC Central Library and Information Centre Sibsagar Girls College Central Library and Information Centre Sibsagar Girls College Tribal Studies 07.03.1985 491.4509 BAR 11080 27.02.2020 2 27.02.2020 Books V


Sibsagar Girl's College © 2020. All rights reserved.
Powered by Koha.
Maintained by Abhijit Borpuzari.